[Event "USA Chess League KO"]
[Site "ICC INT"]
[Date "2015.11.18"]
[Round "2"]
[White "Charbonneau, Pascal"]
[Black "Izoria, Zviad"]
[Result "1/2-1/2"]
[WhiteElo "2505"]
[BlackElo "2576"]
[PlyCount "151"]
[GameId "2130307650920226"]
[EventDate "2015.11.10"]
[EventType "team"]
[EventRounds "3"]
[EventCountry "USA"]
[SourceTitle "Mega2015 Update 53"]
[Source "Chessbase"]
[SourceDate "2015.11.27"]
[SourceVersion "1"]
[SourceVersionDate "2015.11.27"]
[SourceQuality "1"]
[WhiteTeam "New York"]
[BlackTeam "Manhattan"]
[WhiteTeamCountry "USA"]
[BlackTeamCountry "USA"]

1. d4 d6 2. e4 Nf6 3. Nc3 g6 4. Be3 a6 5. h3 Nbd7 6. Nf3 e5 7. Bc4 Bg7 8. dxe5 dxe5 9. a4 O-O 10. O-O a5 11. Qd3 c6 12. Rfd1 Qe7 13. Qd6 Qxd6 14. Rxd6 Re8 15. Rd2 Bf8 16. Ng5 Re7 17. g4 h5 18. gxh5 Nxh5 19. Rad1 Nhf6 20. f3 Bh6 21. h4 Kg7 22. Kf2 Nh5 23. Bb3 f6 24. Ne2 Rb8 25. Rd6 Ra8 26. c3 Rb8 27. Ba2 Ra8 28. Bc4 Rb8 29. b4 axb4 30. cxb4 b5 31. axb5 cxb5 32. Bb3 Ra8 33. Bd5 Ra6 34. Rxa6 Bxa6 35. Ra1 Nb8 36. Ne6+ Kh7 37. Bxh6 Kxh6 38. Nc5 Rc7 39. Ra5 Bc8 40. Rxb5 Nc6 41. Nd3 Ba6 42. Rc5 Bxd3 43. Rxc6 Ra7 44. Nc3 Rb7 45. b5 Rb8 46. b6 Ba6 47. Ke3 g5 48. hxg5+ Kxg5 49. Bf7 Nf4 50. Nd5 Bb7 51. Rd6 f5 52. Nf6 Rc8 53. Nh7+ Kh4 54. exf5 Rc2 55. Rh6+ Kg3 56. Rg6+ Kh2 57. Rh6+ Kg1 58. Bc4 Rxc4 59. Ng5 Rc2 60. Nh3+ Nxh3 61. Rxh3 Rc3+ 62. Kd2 Rb3 63. Rh6 Rxf3 64. Rh7 Be4 65. b7 Rb3 66. f6 Bxb7 67. f7 Rf3 68. f8=Q Rxf8 69. Rxb7 Kf2 70. Re7 Rd8+ 71. Kc3 Rd5 72. Kc4 Rd4+ 73. Kc5 Re4 74. Kd5 Re1 75. Rxe5 Rxe5+ 76. Kxe5 1/2-1/2

[Event "USA Chess League"]
[Site "ICC INT"]
[Date "2015.09.29"]
[Round "6"]
[White "Kudrin, Sergey"]
[Black "Charbonneau, Pascal"]
[Result "1/2-1/2"]
[WhiteElo "2505"]
[BlackElo "2505"]
[PlyCount "107"]
[GameId "2130307655074601"]
[EventDate "2015.08.25"]
[EventType "team"]
[EventRounds "10"]
[EventCountry "USA"]
[SourceTitle "Mega2015 Update 50"]
[Source "Chessbase"]
[SourceDate "2015.11.05"]
[SourceVersion "1"]
[SourceVersionDate "2015.11.05"]
[SourceQuality "1"]
[WhiteTeam "Connecticut"]
[BlackTeam "New York"]
[WhiteTeamCountry "USA"]
[BlackTeamCountry "USA"]

1. e4 e5 2. Bc4 Nf6 3. d3 Nc6 4. Nf3 Bc5 5. c3 O-O 6. O-O d6 7. Bb3 Ne7 8. Re1 Ng6 9. Nbd2 c6 10. Nf1 Bb6 11. Ng3 h6 12. h3 d5 13. exd5 Nxd5 14. d4 exd4 15. Nxd4 Re8 16. Rxe8+ Qxe8 17. Bxd5 cxd5 18. Be3 Bc7 19. Nf1 Bd7 20. Nf3 Bc6 21. Qd2 a6 22. Bd4 Qd7 23. Ne3 Re8 24. Rd1 Re4 25. Nf1 Qe7 26. Be3 f5 27. Qc2 f4 28. Bd4 Nh4 29. Nxh4 Qxh4 30. Nh2 Qe7 31. Nf3 Qe6 32. Bc5 Re2 33. Qc1 Qg6 34. Bd4 Bd7 35. Kh2 Bf5 36. Rd2 Re6 37. Qd1 Be4 38. a4 Qe8 39. b4 Kh7 40. a5 Qe7 41. Bc5 Qf6 42. Rxd5 Bxd5 43. Qxd5 b6 44. Bd4 Qg6 45. Qd7 Bb8 46. axb6 Rd6 47. Qc8 Rxd4 48. cxd4 Qxb6 49. Qc5 Qb5 50. Kg1 Qd3 51. Qb6 Qb5 52. Qc5 Qd3 53. Qb6 Qb5 54. Qc5 1/2-1/2

[Event "USA Chess League"]
[Site "ICC INT"]
[Date "2015.10.07"]
[Round "7"]
[White "Benjamin, Joel"]
[Black "Charbonneau, Pascal"]
[Result "1-0"]
[WhiteElo "2545"]
[BlackElo "2505"]
[PlyCount "117"]
[GameId "2130307655074615"]
[EventDate "2015.08.25"]
[EventType "team"]
[EventRounds "10"]
[EventCountry "USA"]
[SourceTitle "Mega2015 Update 50"]
[Source "Chessbase"]
[SourceDate "2015.11.05"]
[SourceVersion "1"]
[SourceVersionDate "2015.11.05"]
[SourceQuality "1"]
[WhiteTeam "New Jersey"]
[BlackTeam "New York"]
[WhiteTeamCountry "USA"]
[BlackTeamCountry "USA"]

1. e4 e5 2. Nf3 Nc6 3. Bb5 a6 4. Ba4 Nf6 5. O-O Be7 6. d3 b5 7. Bb3 d6 8. c3 O-O 9. Nbd2 Na5 10. Bc2 c5 11. Re1 Nc6 12. Nf1 Re8 13. h3 Bf8 14. Bg5 h6 15. Bxf6 Qxf6 16. Ne3 Rb8 17. a4 b4 18. a5 Be6 19. Ba4 Rec8 20. Bxc6 Rxc6 21. d4 exd4 22. cxd4 Rcc8 23. Rc1 Qg6 24. dxc5 dxc5 25. Nd5 c4 26. Ne5 Qg5 27. Nxc4 Bxh3 28. Qf3 Be6 29. b3 Rc5 30. Nde3 h5 31. Rcd1 Rcc8 32. Rd3 Bc5 33. Nd5 Re8 34. Nce3 Rbd8 35. Red1 Rc8 36. Qf4 Qxf4 37. Nxf4 Bxe3 38. Rxe3 Rc5 39. Rd4 Rb8 40. Nxe6 fxe6 41. Rd6 Rxa5 42. Rxe6 Rf8 43. f3 Rd8 44. f4 h4 45. Kh2 Kf7 46. f5 Ra2 47. Rg6 Rf2 48. Rg4 Rdd2 49. Rh3 Rb2 50. Rhxh4 Rxb3 51. Rh7 a5 52. Rg6 Rf4 53. Rhxg7+ Kf8 54. Ra7 Rh4+ 55. Kg1 Rxe4 56. Rh6 Kg8 57. f6 Rg3 58. f7+ Kg7 59. Rh7+ 1-0

[Event "USA Chess League"]
[Site "ICC INT"]
[Date "2015.10.13"]
[Round "8"]
[White "Shmeliov, Denis"]
[Black "Charbonneau, Pascal"]
[Result "0-1"]
[WhiteElo "2398"]
[BlackElo "2505"]
[PlyCount "84"]
[GameId "2130307655074659"]
[EventDate "2015.08.25"]
[EventType "team"]
[EventRounds "10"]
[EventCountry "USA"]
[SourceTitle "Mega2015 Update 50"]
[Source "Chessbase"]
[SourceDate "2015.11.05"]
[SourceVersion "1"]
[SourceVersionDate "2015.11.05"]
[SourceQuality "1"]
[WhiteTeam "Boston"]
[BlackTeam "New York"]
[WhiteTeamCountry "USA"]
[BlackTeamCountry "USA"]

1. d4 d5 2. c4 c6 3. Nf3 Nf6 4. Nc3 dxc4 5. a4 Bf5 6. Ne5 Nbd7 7. Nxc4 Qc7 8. g3 e5 9. dxe5 Nxe5 10. Bf4 Nfd7 11. Bg2 f6 12. O-O g5 13. Bxe5 Nxe5 14. Nxe5 Qxe5 15. a5 a6 16. Qb3 Rb8 17. Ra4 Be6 18. Qc2 f5 19. e3 Bg7 20. Ne2 O-O 21. Nd4 Bd7 22. Rd1 Rfd8 23. Qc4+ Be6 24. Qc2 Bf7 25. Bf1 c5 26. Nf3 Qxb2 27. Rxd8+ Rxd8 28. Qxf5 Qf6 29. Qxg5 Rd1 30. Kg2 Qxg5 31. Nxg5 Bd5+ 32. e4 Bc6 33. Bc4+ Kf8 34. Ra3 Ke7 35. Rf3 Bf6 36. Rf5 h6 37. Nf3 Bxe4 38. Be2 Bxf5 39. Bxd1 c4 40. Ne1 Bc3 41. Bc2 Bxc2 42. Nxc2 Bxa5 0-1

[Event "USA Chess League"]
[Site "ICC INT"]
[Date "2015.10.20"]
[Round "9"]
[White "Charbonneau, Pascal"]
[Black "Zaremba, Andrie"]
[Result "1-0"]
[WhiteElo "2505"]
[BlackElo "2348"]
[PlyCount "37"]
[GameId "2130307655074663"]
[EventDate "2015.08.25"]
[EventType "team"]
[EventRounds "10"]
[EventCountry "USA"]
[SourceTitle "Mega2015 Update 50"]
[Source "Chessbase"]
[SourceDate "2015.11.05"]
[SourceVersion "1"]
[SourceVersionDate "2015.11.05"]
[SourceQuality "1"]
[WhiteTeam "New York"]
[BlackTeam "Philadelphia"]
[WhiteTeamCountry "USA"]
[BlackTeamCountry "USA"]

1. d4 c5 2. d5 e5 3. e4 d6 4. Bb5+ Nd7 5. a4 a6 6. Be2 g6 7. Nc3 h5 8. Nf3 Bh6 9. Nd2 b6 10. Nc4 Qc7 11. O-O Bb7 12. Bxh6 Nxh6 13. Qd2 O-O-O 14. Rfb1 Kb8 15. b4 f5 16. Rb3 Ka7 17. b5 Ng4 18. a5 bxa5 19. bxa6 1-0

[Event "USA Chess League KO"]
[Site "ICC INT"]
[Date "2014.11.19"]
[Round "2"]
[White "Charbonneau, Pascal"]
[Black "Xiong, Jeffery"]
[Result "0-1"]
[WhiteElo "2505"]
[BlackElo "2467"]
[PlyCount "74"]
[GameId "2130307664095856"]
[EventDate "2014.11.12"]
[EventType "team"]
[EventRounds "3"]
[EventCountry "USA"]
[SourceTitle "The Week in Chess 1046"]
[Source "Mark Crowther"]
[SourceDate "2014.11.24"]
[SourceVersion "1"]
[SourceVersionDate "2014.11.24"]
[SourceQuality "2"]
[WhiteTeam "New York"]
[BlackTeam "Dallas"]

1. e4 c5 2. Nf3 d6 3. d4 cxd4 4. Nxd4 Nf6 5. Nc3 a6 6. h3 e5 7. Nb3 h5 8. Be2 Be6 9. O-O Nbd7 10. Kh1 Rc8 11. Bd3 Be7 12. f4 h4 13. f5 Bc4 14. Re1 b5 15. a3 Nb6 16. Nd2 Bxd3 17. cxd3 O-O 18. Nf3 Nfd7 19. Be3 Nc5 20. Qe2 Nca4 21. Nxa4 Nxa4 22. Rad1 Bf6 23. Rg1 Qc7 24. g4 hxg3 25. Rxg3 Qc2 26. Nd2 Rfe8 27. Rdg1 Kf8 28. Qh5 Nxb2 29. Bg5 Ke7 30. Nf1 Nxd3 31. Ne3 Nf2+ 32. Kg2 Qa2 33. Nd5+ Kd8 34. Bxf6+ gxf6 35. Qxf7 Ng4+ 36. Kf3 Nh2+ 37. Ke3 Qb3+ 0-1

[Event "USA Chess League"]
[Site "ICC INT"]
[Date "2014.08.26"]
[Round "1"]
[White "Shmeliov, Denis"]
[Black "Charbonneau, Pascal"]
[Result "1/2-1/2"]
[WhiteElo "2411"]
[BlackElo "2505"]
[PlyCount "45"]
[GameId "2130307667023975"]
[EventDate "2014.08.26"]
[EventType "team"]
[EventRounds "10"]
[EventCountry "USA"]
[SourceTitle "The Week in Chess 1034"]
[Source "Mark Crowther"]
[SourceDate "2014.09.01"]
[SourceVersion "1"]
[SourceVersionDate "2014.09.01"]
[SourceQuality "2"]
[WhiteTeam "Boston"]
[BlackTeam "New York"]

1. d4 Nf6 2. c4 e6 3. Nc3 Bb4 4. Qc2 O-O 5. e4 d5 6. e5 Ne4 7. Bd3 c5 8. Nf3 cxd4 9. Nxd4 Nd7 10. Bf4 Qh4 11. g3 Qh5 12. Be2 Qg6 13. a3 Nxc3 14. Bd3 Nb5+ 15. axb4 Nxd4 16. Bxg6 Nxc2+ 17. Bxc2 dxc4 18. Be4 Nb6 19. Be3 Nd5 20. Rxa7 Bd7 21. Bxd5 Rxa7 22. Bxa7 exd5 23. Bd4 1/2-1/2

[Event "USA Chess League"]
[Site "ICC INT"]
[Date "2014.10.21"]
[Round "9"]
[White "Pruess, David"]
[Black "Charbonneau, Pascal"]
[Result "1/2-1/2"]
[WhiteElo "2347"]
[BlackElo "2505"]
[PlyCount "103"]
[GameId "2130307667028204"]
[EventDate "2014.08.26"]
[EventType "team"]
[EventRounds "10"]
[EventCountry "USA"]
[SourceTitle "The Week in Chess 1042"]
[Source "Mark Crowther"]
[SourceDate "2014.10.27"]
[SourceVersion "2"]
[SourceVersionDate "2014.11.03"]
[SourceQuality "2"]
[WhiteTeam "San Francisco"]
[BlackTeam "New York"]

1. d4 Nf6 2. c4 e6 3. g3 d5 4. Bg2 dxc4 5. Nf3 a6 6. O-O Nc6 7. Nc3 Rb8 8. e4 Be7 9. d5 Nb4 10. Ne5 exd5 11. exd5 Bf5 12. a3 Nd3 13. Nxc4 Nxc1 14. Rxc1 O-O 15. Qd4 Re8 16. Rfe1 Bf8 17. Rxe8 Qxe8 18. d6 c6 19. Qb6 Qd8 20. Rd1 Qxb6 21. Nxb6 Rd8 22. Nc4 Ne8 23. Ne4 Bxe4 24. Bxe4 Nxd6 25. Rd3 g6 26. a4 Be7 27. Nxd6 Rxd6 28. Rxd6 Bxd6 29. Kf1 Kf8 30. Ke2 Ke7 31. Bd3 Be5 32. b3 Bd4 33. g4 Kf6 34. h3 Ke5 35. Bc4 f6 36. Bg8 h6 37. Bh7 g5 38. Bf5 Kd6 39. Bc8 Kc7 40. Be6 b5 41. axb5 cxb5 42. Bf7 Kd6 43. f3 a5 44. Kd3 Be5 45. Bg8 Kc5 46. Bf7 a4 47. bxa4 bxa4 48. Bg8 a3 49. Bf7 Bb2 50. Ba2 Kd6 51. Ke4 Kc5 52. Kd3 1/2-1/2

[Event "USA Chess League"]
[Site "ICC INT"]
[Date "2014.10.28"]
[Round "10"]
[White "Bartell, Thomas"]
[Black "Charbonneau, Pascal"]
[Result "1/2-1/2"]
[WhiteElo "2358"]
[BlackElo "2505"]
[PlyCount "86"]
[GameId "2130307667028212"]
[EventDate "2014.08.26"]
[EventType "team"]
[EventRounds "10"]
[EventCountry "USA"]
[SourceTitle "The Week in Chess 1043"]
[Source "Mark Crowther"]
[SourceDate "2014.11.03"]
[SourceVersion "1"]
[SourceVersionDate "2014.11.03"]
[SourceQuality "2"]
[WhiteTeam "Philadelphia"]
[BlackTeam "New York"]

1. d4 Nf6 2. c4 e6 3. Nf3 d5 4. Nc3 Bb4 5. cxd5 exd5 6. Bg5 O-O 7. e3 c5 8. Rc1 Nbd7 9. Be2 Qa5 10. O-O Bxc3 11. bxc3 Ne4 12. dxc5 Ndxc5 13. Be7 Re8 14. Bxc5 Qxc5 15. c4 dxc4 16. Bxc4 Qe7 17. Nd4 Bd7 18. Bd5 Rab8 19. Bxe4 Qxe4 20. Rc7 Re7 21. Qb1 Qxb1 22. Rxb1 Bf5 23. Rbc1 Rxc7 24. Rxc7 Rc8 25. Rxc8+ Bxc8 26. e4 Kf8 27. f4 Ke7 28. e5 Be6 29. a3 g6 30. Kf2 h5 31. Ke3 Bd5 32. g3 a5 33. Nb5 Bc6 34. Nd6 f6 35. Nc4 a4 36. Kd4 Ke6 37. exf6 Kxf6 38. Ne3 b5 39. Kc5 Bd7 40. Kd6 Be6 41. Kc5 Bd7 42. Kd6 Be6 43. Kc5 Bd7 1/2-1/2

[Event "USA Chess League KO"]
[Site "chess.com INT"]
[Date "2013.11.16"]
[Round "2"]
[White "Charbonneau, Pascal"]
[Black "Winer, Steven"]
[Result "1-0"]
[WhiteElo "2505"]
[BlackElo "2382"]
[PlyCount "79"]
[GameId "2130307677388257"]
[EventDate "2013.11.07"]
[EventType "team"]
[EventRounds "3"]
[EventCountry "USA"]
[SourceTitle "The Week in Chess 993"]
[Source "Mark Crowther"]
[SourceDate "2013.11.18"]
[SourceVersion "4"]
[SourceVersionDate "2013.12.04"]
[SourceQuality "2"]
[WhiteTeam "New York Knights"]
[BlackTeam "New England Nor'easters"]

1. e4 c5 2. Nf3 d6 3. Bc4 Nf6 4. d3 e6 5. Bb3 Nc6 6. c3 Be7 7. O-O O-O 8. Re1 e5 9. h3 b6 10. d4 Bb7 11. d5 Nb8 12. Nbd2 Nbd7 13. Nf1 Ne8 14. g4 g6 15. Ng3 Ng7 16. Bc2 c4 17. Bh6 Rc8 18. Kh2 Kh8 19. Qd2 Nf6 20. b4 a6 21. Rg1 Ng8 22. Be3 Nf6 23. Qe2 Qc7 24. Nd2 Nd7 25. a4 Bh4 26. Nf3 Be7 27. h4 Nf6 28. Ng5 h6 29. Nh3 Ng8 30. g5 h5 31. f4 exf4 32. Nxf4 Kh7 33. Bd4 Qd7 34. Ngxh5 Nxh5 35. Qxh5+ gxh5 36. e5+ f5 37. exf6+ Kh8 38. Ng6+ Kh7 39. Nxe7+ Kh8 40. f7+ 1-0

[Event "USA Chess League"]
[Site "chess.com INT"]
[Date "2013.08.28"]
[Round "1"]
[White "Benjamin, Joel"]
[Black "Charbonneau, Pascal"]
[Result "1-0"]
[WhiteElo "2547"]
[BlackElo "2505"]
[PlyCount "143"]
[GameId "2130307680208808"]
[EventDate "2013.08.27"]
[EventType "team"]
[EventRounds "10"]
[EventCountry "USA"]
[SourceTitle "The Week in Chess 982"]
[Source "Mark Crowther"]
[SourceDate "2013.09.03"]
[SourceVersion "1"]
[SourceVersionDate "2013.09.03"]
[SourceQuality "2"]
[WhiteTeam "New Jersey Knockouts"]
[BlackTeam "New York Knights"]

1. e4 c5 2. Nf3 e6 3. d3 Nc6 4. g3 Bd6 5. Bg2 Nge7 6. Be3 b6 7. O-O O-O 8. c4 Ba6 9. Nc3 Rc8 10. a3 Bb7 11. Rb1 Bb8 12. Re1 Ne5 13. b4 Nxf3+ 14. Bxf3 Be5 15. Ne2 d6 16. Bg2 g6 17. Qd2 Qd7 18. Rbc1 Bg7 19. Bh6 Bxh6 20. Qxh6 Nc6 21. f4 f6 22. b5 Nd8 23. Qh4 Kg7 24. Nc3 Nf7 25. Re2 Rce8 26. Rce1 Bc8 27. a4 Bb7 28. Re3 Qe7 29. Nd1 a6 30. bxa6 Bxa6 31. Nc3 Bc8 32. Rb1 Qa7 33. e5 dxe5 34. Ne4 Nh6 35. fxe5 Nf5 36. exf6+ Kg8 37. Qg5 Nxe3 38. Qxe3 Qc7 39. Qh6 Bb7 40. Rxb6 Bxe4 41. Bxe4 Rb8 42. Rxe6 Rb1+ 43. Kg2 Rb2+ 44. Kh3 Qd7 45. g4 Qc7 46. Qg7+ Qxg7 47. fxg7 Kxg7 48. a5 Rf6 49. Re5 Ra6 50. Rxc5 Ra7 51. a6 Rxa6 52. Rc7+ Kf6 53. Rxh7 Re2 54. Kg3 Raa2 55. h4 Re3+ 56. Kf4 Re1 57. g5+ Ke6 58. Bxg6 Rf2+ 59. Kg3 Rf8 60. Be4 Ke5 61. Kg4 Rg1+ 62. Kh5 Kf4 63. g6 Re8 64. Rf7+ Ke5 65. Kh6 Rh8+ 66. Rh7 Rf8 67. h5 Re8 68. Kg7 Ra1 69. Bd5 Ra3 70. Rh8 Re7+ 71. Bf7 Rxd3 72. Re8 1-0

[Event "USA Chess League"]
[Site "chess.com INT"]
[Date "2013.09.25"]
[Round "5"]
[White "Charbonneau, Pascal"]
[Black "Bartell, Thomas"]
[Result "1-0"]
[WhiteElo "2505"]
[BlackElo "2383"]
[PlyCount "125"]
[GameId "2130307680212971"]
[EventDate "2013.08.27"]
[EventType "team"]
[EventRounds "10"]
[EventCountry "USA"]
[SourceTitle "The Week in Chess 986"]
[Source "Mark Crowther"]
[SourceDate "2013.09.30"]
[SourceVersion "1"]
[SourceVersionDate "2013.09.30"]
[SourceQuality "2"]
[WhiteTeam "New York Knights"]
[BlackTeam "Philadelphia Inventors"]

1. Nf3 Nf6 2. g3 b5 3. Bg2 Bb7 4. d3 c5 5. O-O e6 6. c4 b4 7. e4 d6 8. Re1 Be7 9. Ng5 Nfd7 10. Nh3 Nc6 11. f4 h5 12. Nd2 h4 13. g4 g5 14. fxg5 Bxg5 15. Nxg5 Qxg5 16. h3 Nde5 17. Nb3 Qg7 18. a3 a5 19. axb4 axb4 20. Rxa8+ Bxa8 21. Bf4 Ke7 22. Kh1 Nd7 23. Qd2 e5 24. Be3 Nd4 25. Nxd4 cxd4 26. Bf2 f6 27. Qxb4 Rb8 28. Qa3 Qh6 29. Rd1 Bc6 30. b4 Ra8 31. Qb2 Nf8 32. Be1 Ne6 33. Bd2 Qh8 34. Ra1 Bd7 35. Ra3 Kf7 36. Qa2 Rxa3 37. Qxa3 Qb8 38. Bf3 Kg6 39. Bg2 Bc6 40. Qa1 Qa8 41. Qxa8 Bxa8 42. Kg1 Bc6 43. Kf2 Ba4 44. Bf3 Bc2 45. Ke2 Kf7 46. Bg2 Ke7 47. Bf1 Ba4 48. Be1 Nf4+ 49. Kd2 Ng6 50. Kc1 Bd7 51. Kb2 Kd8 52. Ka3 Kc7 53. b5 Kb6 54. Ka4 Be6 55. Ba5+ Kb7 56. Bd8 Nf4 57. Bxf6 Bxg4 58. hxg4 h3 59. Bxh3 Nxh3 60. g5 Nf4 61. Kb3 Nxd3 62. g6 Nc5+ 63. Kb2 1-0

[Event "SPICE Cup op"]
[Site "Saint Louis USA"]
[Date "2012.10.16"]
[Round "1"]
[White "Sharevich, Anna"]
[Black "Charbonneau, Pascal"]
[Result "0-1"]
[WhiteElo "2294"]
[BlackElo "2517"]
[PlyCount "56"]
[GameId "2130307690686332"]
[EventDate "2012.10.16"]
[EventType "swiss"]
[EventRounds "9"]
[EventCountry "USA"]
[SourceTitle "10 Days-343"]
[SourceDate "2012.10.30"]
[SourceVersion "1"]
[SourceVersionDate "2012.10.30"]
[SourceQuality "1"]

1. d4 Nf6 2. c4 e6 3. g3 d5 4. Bg2 Be7 5. Nf3 O-O 6. O-O Na6 7. b3 c5 8. cxd5 exd5 9. dxc5 Nxc5 10. Bb2 Re8 11. Nd4 Bg4 12. h3 Bh5 13. Nc3 Bg6 14. Rc1 Qb6 15. Nxd5 Nxd5 16. Bxd5 Rad8 17. Bg2 Bg5 18. Rc4 Ne4 19. Bxe4 Bxe4 20. Kh2 h5 21. h4 Bxh4 22. Qa1 Qg6 23. Rg1 Bf6 24. e3 Be5 25. f4 Bf6 26. Rcc1 Qg4 27. Rce1 Rc8 28. Bc3 h4 0-1

[Event "SPICE Cup op"]
[Site "Saint Louis USA"]
[Date "2012.10.16"]
[Round "2"]
[White "Charbonneau, Pascal"]
[Black "Sarkar, Justin"]
[Result "1/2-1/2"]
[WhiteElo "2517"]
[BlackElo "2408"]
[PlyCount "53"]
[GameId "2130307690686336"]
[EventDate "2012.10.16"]
[EventType "swiss"]
[EventRounds "9"]
[EventCountry "USA"]
[SourceTitle "10 Days-343"]
[SourceDate "2012.10.30"]
[SourceVersion "1"]
[SourceVersionDate "2012.10.30"]
[SourceQuality "1"]

1. c4 g6 2. Nc3 c5 3. g3 Bg7 4. Bg2 Nc6 5. Nf3 d6 6. O-O Bf5 7. a3 Qd7 8. b4 Bxc3 9. dxc3 Bh3 10. Bxh3 Qxh3 11. bxc5 dxc5 12. Ng5 Qf5 13. e4 Qf6 14. Rb1 h6 15. Nh3 Qe6 16. Nf4 Qxe4 17. Rxb7 Nd4 18. Qa4+ Kf8 19. Rb2 Nf3+ 20. Kh1 g5 21. Re2 Qb7 22. Nd5 Qc8 23. Kg2 Nh4+ 24. Kg1 Nf3+ 25. Kg2 Nh4+ 26. Kg1 Nf3+ 27. Kg2 1/2-1/2

[Event "SPICE Cup op"]
[Site "Saint Louis USA"]
[Date "2012.10.17"]
[Round "3"]
[White "Priyadharshan, Kannappan"]
[Black "Charbonneau, Pascal"]
[Result "1-0"]
[WhiteElo "2407"]
[BlackElo "2517"]
[PlyCount "141"]
[GameId "2130307690686358"]
[EventDate "2012.10.16"]
[EventType "swiss"]
[EventRounds "9"]
[EventCountry "USA"]
[SourceTitle "10 Days-343"]
[SourceDate "2012.10.30"]
[SourceVersion "1"]
[SourceVersionDate "2012.10.30"]
[SourceQuality "1"]

1. e4 c5 2. Nf3 e6 3. d4 cxd4 4. Nxd4 a6 5. Nc3 Qc7 6. Qf3 Nc6 7. Nxc6 bxc6 8. Qg3 Qxg3 9. hxg3 e5 10. f4 d6 11. b3 Nf6 12. Ba3 Bb7 13. O-O-O Rd8 14. Be2 Be7 15. Bf3 c5 16. Rhe1 O-O 17. Re3 Rc8 18. Be2 Rfe8 19. Bc4 Bf8 20. f5 Be7 21. Kb1 g6 22. Rf1 Kg7 23. Bc1 Rf8 24. Ree1 Rcd8 25. Bg5 h6 26. Bxf6+ Bxf6 27. g4 h5 28. gxh5 gxh5 29. Rh1 Rh8 30. Re3 h4 31. Reh3 Bg5 32. Bd5 Bc8 33. Ne2 Rh6 34. Ng1 Rdh8 35. Nf3 f6 36. Bc6 Kf8 37. Kb2 Ke7 38. Kc3 Kd8 39. Kd3 Kc7 40. Bd5 Bd7 41. Bf7 Bb5+ 42. Bc4 Kb6 43. Rd1 Bf4 44. a4 Bc6 45. Rdh1 Bg3 46. Ng1 Bf4 47. Ne2 Bg5 48. Nc3 a5 49. Ke2 R8h7 50. Rd1 Kc7 51. Bb5 Bb7 52. Be8 Ba6+ 53. Kf2 Rh8 54. Nd5+ Kd8 55. Bf7 Bb7 56. Nc3 Ke7 57. Bd5 Ba6 58. Be6 Rd8 59. Nd5+ Kf8 60. Nc7 Bb7 61. Bd5 Bc8 62. Bc6 Ke7 63. Rhd3 Rhh8 64. Nd5+ Kf7 65. Nb6 Ke7 66. Nxc8+ Rxc8 67. Rxd6 Rhd8 68. Rd7+ Rxd7 69. Rxd7+ Kf8 70. Bd5 Ke8 71. Ra7 1-0

[Event "SPICE Cup op"]
[Site "Saint Louis USA"]
[Date "2012.10.17"]
[Round "4"]
[White "Charbonneau, Pascal"]
[Black "Hambleton, Aman"]
[Result "1/2-1/2"]
[WhiteElo "2517"]
[BlackElo "2348"]
[PlyCount "37"]
[GameId "2130307690686365"]
[EventDate "2012.10.16"]
[EventType "swiss"]
[EventRounds "9"]
[EventCountry "USA"]
[SourceTitle "10 Days-343"]
[SourceDate "2012.10.30"]
[SourceVersion "1"]
[SourceVersionDate "2012.10.30"]
[SourceQuality "1"]

1. Nf3 Nf6 2. c4 c5 3. g3 b6 4. Bg2 Bb7 5. O-O e6 6. Nc3 Be7 7. d4 cxd4 8. Qxd4 d6 9. Bg5 a6 10. Bxf6 Bxf6 11. Qf4 O-O 12. Rfd1 Be7 13. Ne4 Bxe4 14. Qxe4 Ra7 15. Rac1 Rc7 16. Qe3 Qc8 17. b3 Nd7 18. Nd4 Re8 19. a4 1/2-1/2

[Event "SPICE Cup op"]
[Site "Saint Louis USA"]
[Date "2012.10.18"]
[Round "5"]
[White "Amanov, Zhanibek"]
[Black "Charbonneau, Pascal"]
[Result "1-0"]
[WhiteElo "2374"]
[BlackElo "2517"]
[PlyCount "55"]
[GameId "2130307690686377"]
[EventDate "2012.10.16"]
[EventType "swiss"]
[EventRounds "9"]
[EventCountry "USA"]
[SourceTitle "10 Days-343"]
[SourceDate "2012.10.30"]
[SourceVersion "1"]
[SourceVersionDate "2012.10.30"]
[SourceQuality "1"]

1. e4 c5 2. Nf3 e6 3. d4 cxd4 4. Nxd4 a6 5. Nc3 b5 6. a3 Bb7 7. g3 Nc6 8. Nb3 Nf6 9. Bg2 d6 10. O-O Be7 11. f4 h6 12. Qe2 O-O 13. Be3 Qc7 14. g4 Nh7 15. Qf2 Bf6 16. h4 Qe7 17. g5 hxg5 18. hxg5 Bxc3 19. bxc3 e5 20. f5 Nxg5 21. f6 gxf6 22. Qg3 Nd8 23. Nd4 Nde6 24. Nf5 Qc7 25. Qh4 Qxc3 26. Qh6 Nh7 27. Rf3 Qxa1+ 28. Kh2 1-0

[Event "SPICE Cup op"]
[Site "Saint Louis USA"]
[Date "2012.10.18"]
[Round "6"]
[White "Charbonneau, Pascal"]
[Black "Schneider, Veronika"]
[Result "1-0"]
[WhiteElo "2517"]
[BlackElo "2313"]
[PlyCount "51"]
[GameId "2130307690690490"]
[EventDate "2012.10.16"]
[EventType "swiss"]
[EventRounds "9"]
[EventCountry "USA"]
[SourceTitle "10 Days-343"]
[SourceDate "2012.10.30"]
[SourceVersion "1"]
[SourceVersionDate "2012.10.30"]
[SourceQuality "1"]

1. e4 c5 2. Nf3 e6 3. d4 cxd4 4. Nxd4 a6 5. Nc3 Qc7 6. Bd3 Nf6 7. O-O Bc5 8. Nb3 Be7 9. f4 d6 10. Qf3 Nbd7 11. Bd2 b6 12. Rae1 Bb7 13. Qh3 h5 14. a4 Ng4 15. Qf3 g6 16. Qe2 Nc5 17. h3 Nxb3 18. cxb3 Qc5+ 19. Kh1 Bh4 20. Rc1 Qd4 21. Nd1 Qg7 22. Rc7 Ra7 23. Bc3 Bf6 24. e5 dxe5 25. fxe5 Be7 26. Be4 1-0

[Event "SPICE Cup op"]
[Site "Saint Louis USA"]
[Date "2012.10.18"]
[Round "7"]
[White "Bregadze, Levan"]
[Black "Charbonneau, Pascal"]
[Result "1/2-1/2"]
[WhiteElo "2366"]
[BlackElo "2517"]
[PlyCount "20"]
[GameId "2130307690690501"]
[EventDate "2012.10.16"]
[EventType "swiss"]
[EventRounds "9"]
[EventCountry "USA"]
[SourceTitle "10 Days-343"]
[SourceDate "2012.10.30"]
[SourceVersion "1"]
[SourceVersionDate "2012.10.30"]
[SourceQuality "1"]

1. e4 c5 2. b3 b6 3. Bb2 Bb7 4. Qe2 Nc6 5. Nf3 d6 6. g3 Nf6 7. Bg2 e5 8. O-O Be7 9. d3 O-O 10. c4 Ne8 1/2-1/2